| 000 | 01051nam a2200241 a 4500 | ||
|---|---|---|---|
| 001 | 000047721 | ||
| 005 | 20260212111435.0 | ||
| 008 | 081117s2015 dr l o001 0 spa d | ||
| 040 |
_aDO-SdBNP _bspa _cBNPHU |
||
| 082 |
_a344.729302 _bR426re, 2015 |
||
| 110 | 1 |
_aRepública Dominicana. _9447 |
|
| 240 | 1 | 0 | _a[Reglamentos,etc.] |
| 245 | 1 | 0 | _aReglamento que establece el procedimiento para otorgar pensiones solidarias del Régimen Subsidiado. |
| 260 |
_aSanto Domingo : _bCNSS, _c2015. |
||
| 300 |
_a39 p. ; _c22 cm. |
||
| 505 | 0 |
_aIntroducción -- _tDisposiciones generales -- _tDe la solicitud y tramitación de la Pensión Solidaria -- _tDe la asignación y concesión de Pensíón Solidaria -- _tDisposiciones finales. |
|
| 590 | _aInventariado, 2018/VM | ||
| 650 | 4 |
_aSeguridad social _xLegislación _zRepública Dominicana _914351 |
|
| 650 | 0 |
_aLegislación social _91149 |
|
| 650 | 0 |
_aPensiones _944832 |
|
| 650 | 4 |
_aPolítica social _zRepública Dominicana _911024 |
|
| 710 | 2 |
_aConsejo Nacional de Seguridad Social (República Dominicana) _963839 |
|
| 999 |
_c47209 _d47209 |
||